000 01023nam a2200301 i 4500
003 EG-GICUC
005 20260417133133.0
008 260417r1982 ku ||||fr|||| 000 0 eng d
040 _aEG-GiCUC
_beng
_cEG-GiCUC
_dEG-GiCUC
_erda
082 0 4 _221
_a341.79
_bRE . A
092 0 4 _221
099 _aLaw1 11 341.79 RE . A 1982
100 1 _aReuter,Paul
_eAuthor.
245 1 0 _aFinal Award In The Matter Of An Arbitration Between The Government Of The State Of Kuwait And The American Independent Oil Company (AMINOIL)/
_cPaul Reuter.
264 0 1 _aKuwait:
_c1982.
300 _a162 Pages;
_c24 cm.
336 _2rda content
_atext
337 _2rda media
_aComputer
338 _2rda carrier
_aOnline Resource
546 _aText in English
650 1 _aPublic International Law
650 1 _aInternational Commercial Llaw
700 1 _aSultan,Hamed
_eAuthor.
700 1 _aFitzmaurice,Gerald
_eAuthor.
856 4 0 _uhttps://fll.law.cu.edu.eg/fulltext/bks/B11-09801.pdf
905 _a59
942 _2ddc
_cBK
_e21
_n0
999 _c71543
_d71543